Normal view
MARC view
- Pipe
Entry Topical Term
001 - CONTROL NUMBER
- control field: 3095
003 - CONTROL NUMBER IDENTIFIER
- control field: NUST
005 - DATE AND TIME OF LATEST TRANSACTION
- control field: 20170622125708.0
008 - FIXED-LENGTH DATA ELEMENTS
- fixed length control field: 170622|| aca||aabn | a|a d
040 ## - CATALOGING SOURCE
- Original cataloging agency: NUST
- Transcribing agency: NUST
150 ## - HEADING--TOPICAL TERM
- Topical term or geographic name entry element: Pipe
- General subdivision: Hydrodynamics.
670 ## - SOURCE DATA FOUND
- Source citation: Work cat.: (NUST)0: Portland Cement Association, Chicago. Water Resources Bureau. [from old catalog] 3092, Handbook of concrete culvert pipe hydraulics., [1964]
